000 00786nam a2200241Ia 4500
003 OSt
005 20220925235333.0
006 a|||||r|||| 00| 0
007 ta
008 220923b |||||||| |||| 00| 0 eng d
020 _a9788189524449
_c25
037 _b877, 12/03/2013, Pranami Book Service
_cGeneral Book
040 _aRTL
_cRTL
_beng
041 _2eng
_aeng
082 _aY2:356:(Z).2, P9
100 _aUBEROI Patricia
_9301219
245 0 _aYour law and my custom
_b Legislating the family in India
260 _a New Delhi
_bCritical Quest
_c2009
300 _a32p Bibliography: P 29-31
_ccm.
650 _aSociology
942 _hY2:356:(Z).2, P9
_cGB
_2CC
999 _c597189
_d597189